Normal view MARC view

Entry Personal Name

Number of records used in: 2

001 - CONTROL NUMBER

  • control field: 80489

003 - CONTROL NUMBER IDENTIFIER

  • control field: OSt

005 - DATE AND TIME OF LATEST TRANSACTION

  • control field: 20220918192851.0

008 - FIXED-LENGTH DATA ELEMENTS

  • fixed length control field: 220918|| aca||aabn | a|a d

040 ## - CATALOGING SOURCE

  • Original cataloging agency: OSt
  • Transcribing agency: OSt

100 ## - HEADING--PERSONAL NAME

  • Personal name: Balfour Arthur James

670 ## - SOURCE DATA FOUND

  • Source citation: Work cat.: (OSt)196898: Balfour Arthur James, Theism and humanism being the Gifford lectures delivered at the Univ of Glasgow 1914, 1915
Copyright @ Delhi University Library System